000 00299nam a2200133Ia 4500
008 191201s2007 xx 000 0 und d
082 _a658.5
_bSTO
100 _aSTEPHEN, P
245 0 _aOrganizational Behavior
260 _aN.Delhi
_bPHI
_c2007
300 _a828
650 _aMBA
942 _2ddc
_cBK
999 _c2664
_d2664